00298nam a2200109Ia 4500008004100000020001400041100001800055245003200073250001100105260005200116300002000168180219s9999 xx 000 0 und d a781735386 aKarch, Amy M. aFocus on nursing pharmacy / a2nd ed aNew york :bLippincott williams & wilkinsc2003 axiii, 886 pages